|
|
|
|
| LEADER |
01572nam a2200277 a 4500 |
| 001 |
GR-MES17305 |
| 008 |
150701s2014 gr gz 000 0 gre d |
| 040 |
|
|
|a GrPaTEI
|b gre
|c GR-PaULI
|
| 040 |
|
|
|a GrPaTEI
|b gre
|c GR-PaULI
|
| 100 |
1 |
|
|a Ρώτους, Αντώνιος
|
| 245 |
1 |
0 |
|a Επεξεργασία δεδομένων με τη βοήθεια λογιστικών φύλλων /
|c Σπουδαστής: Ρώτους Αντώνιος ; Επιβλέπων: Ε. Ε. Τζιρτζιλάκης.
|
| 260 |
|
|
|a Μεσολόγγι :
|b ΤΕΙ Δυτικής Ελλάδας,
|c 2014
|
| 300 |
|
|
|a 91 σ. :
|b γραφ., έγχ.είκ., πίν.
|
| 504 |
|
|
|a Βιβλιογραφία: (σ.91)
|
| 650 |
|
4 |
|a Ηλεκτρονικά λογιστικά φύλλα
|
| 650 |
|
4 |
|a Ηλεκτρονική επεξεργασία δεδομένων
|
| 650 |
|
4 |
|a Ηλεκτρονικοί υπολογιστές
|x Προγράμματα (Excel)
|
| 650 |
|
4 |
|a Πτυχιακή εργασία
|y 2014
|
| 700 |
1 |
|
|a Τζιρτζιλάκης, Ευστράτιος Ε.
|
| 710 |
0 |
|
|a Σ.ΤΕ.Γ.& ΤΕ.ΤΡΟ.Δ..
|b Τμήμα Μηχανολογίας και Υδάτινων Πόρων
|
| 710 |
0 |
|
|a ΤΕΙ Δυτικής Ελλάδας
|
| 856 |
4 |
0 |
|u https://nereus.library.upatras.gr/formermes//ptyxiakes/steg/steg_myp/2011-2015/659pe.pdf
|
| 942 |
|
|
|2 ddc
|
| 952 |
|
|
|0 0
|1 0
|2 ddc
|4 0
|7 0
|9 275391
|a MSLG
|b MSLG
|c BSC
|d 2021-01-17
|e 24
|f 0
|g 0.00
|l 0
|p 24200659
|r 2021-01-17 00:00:00
|t 1
|v 2021.00
|w 2021-01-17
|y BK15
|x 20150702 0 ΧΑΣΑΝΗ 0
|x GrPaTEI
|
| 971 |
|
|
|a .b25833546
|b 16-04-20
|c 13-09-16
|
| 999 |
|
|
|c 159575
|d 159575
|